| Tag |
First Indicator |
Second Indicator |
Subfields |
| LEADER |
00000cam a2200000 a 4500 |
| 001 |
in00000080254 |
| 005 |
20151008060907.0 |
| 008 |
711220s1971 maua b 00110 engm |
| 010 |
|
|
|a 70149459
|
| 035 |
|
|
|a (OCoLC)00218852
|
| 035 |
|
|
|9 AAJ6829AM
|
| 037 |
|
|
|c $8.95
|
| 040 |
|
|
|a DLC
|c DLC
|d m.c.
|d TXA
|d UtOrBLW
|
| 043 |
|
|
|a n-us---
|
| 049 |
|
|
|a TXAM
|c [1362070]
|
| 050 |
0 |
0 |
|a LA229
|b .L52
|
| 082 |
0 |
|
|a 378.1/98/10973
|
| 100 |
1 |
|
|a Lipset, Seymour Martin.
|
| 245 |
1 |
0 |
|a Passion and politics :
|b student activism in America /
|c part one by Seymour Martin Lipset ; part two by Gerald M. Schaflander.
|
| 264 |
|
1 |
|a Boston :
|b Little, Brown,
|c [1971]
|
| 264 |
|
4 |
|c ©1971
|
| 300 |
|
|
|a xxiii, 440 pages :
|b illustrations ;
|c 22 cm.
|
| 336 |
|
|
|a text
|b txt
|2 rdacontent
|
| 337 |
|
|
|a unmediated
|b n
|2 rdamedia
|
| 338 |
|
|
|a volume
|b nc
|2 rdacarrier
|
| 504 |
|
|
|a Includes bibliographical references and index.
|
| 650 |
|
0 |
|a College students
|x Political activity
|z United States.
|
| 700 |
1 |
|
|a Schaflander, Gerald M.,
|d 1920-1996.
|
| 999 |
|
|
|a MARS
|
| 999 |
f |
f |
|s 057e6f9c-2b18-3366-916f-38a3f4ac20d3
|i f34b1250-a56f-3a17-a704-a1893d3267de
|t 0
|
| 952 |
f |
f |
|p normal
|a Texas A&M University
|b College Station
|c Sterling C. Evans Library
|d Evans: Library Stacks
|t 0
|e LA229 .L52
|h Library of Congress classification
|i unmediated -- volume
|m A14806158662
|
| 998 |
f |
f |
|a LA229 .L52
|t 0
|l Evans: Library Stacks
|